Normal view
MARC view
Entry Personal Name
001 - CONTROL NUMBER
- control field: 50143
003 - CONTROL NUMBER IDENTIFIER
- control field: ARRUPE
005 - DATE AND TIME OF LATEST TRANSACTION
- control field: 20201030121608.0
008 - FIXED-LENGTH DATA ELEMENTS
- fixed length control field: 201030|| aca||aabn | a|a d
040 ## - CATALOGING SOURCE
- Original cataloging agency: ARRUPE
- Transcribing agency: ARRUPE
100 ## - HEADING--PERSONAL NAME
- Personal name: Kuzvinetsa, Melody
670 ## - SOURCE DATA FOUND
- Source citation: Work cat.: (ARRUPE): Kuzvinetsa, Melody, Education towards women's transformative leadership in Zimbabwe:, 2019